[Event "28th Czech Open A 2017"]
[Site "Pardubice CZE"]
[Date "2017.07.26"]
[Round "6.76"]
[White "Zvara, Petr"]
[Black "Bekturov, Tamerlan"]
[Result "0-1"]
[WhiteTitle "IM"]
[WhiteElo "2370"]
[BlackElo "2223"]
[WhiteFideId "304000"]
[BlackFideId "13710184"]
[EventDate "2017.07.21"]

1. e4 c6 2. d3 d5 3. Qe2 g6 4. g3 Bg7 5. Bg2 Nf6 6. Nf3 O-O 7. Nbd2 Qc7 8. O-O
e5 9. h3 Nbd7 10. b3 a5 11. a4 b5 12. Ba3 Re8 13. axb5 cxb5 14. c4 dxc4 15. dxc4
b4 16. Bxb4 Bb7 17. Ba3 Nc5 18. Nh2 Bh6 19. Rfd1 Rad8 20. b4 Na4 21. Qf3 Kg7 22.
Nhf1 axb4 23. Bxb4 Bc6 24. Ne3 Rd4 25. Nd5 Bxd5 26. exd5 Nb2 27. Rdb1 Nxc4 28.
Nxc4 Qxc4 29. d6 Rb8 30. Bf1 Qc2 31. Qc3 Qf5 32. Qc7 Rbxb4 33. Rxb4 Rxb4 34. Ra7
Ne4 35. f4 Bxf4 36. gxf4 Qxf4 0-1

[Event "28th Czech Open A 2017"]
[Site "Pardubice CZE"]
[Date "2017.07.26"]
[Round "6.77"]
[White "Heidrich, Manfred"]
[Black "Pein, Jonathan"]
[Result "0-1"]
[WhiteTitle "FM"]
[WhiteElo "2366"]
[BlackElo "2223"]
[WhiteFideId "4602722"]
[BlackFideId "417092"]
[EventDate "2017.07.21"]

1. e4 e5 2. Nf3 d6 3. d4 exd4 4. Nxd4 Nf6 5. Nc3 g6 6. Bg5 Bg7 7. Qd2 h6 8. Be3
Ng4 9. Bf4 Nc6 10. Nxc6 bxc6 11. Rb1 Qf6 12. Be2 Nxf2 13. Kxf2 g5 14. g3 Rb8 15.
Nd1 gxf4 16. Qxf4 Qxf4+ 17. gxf4 Bd4+ 18. Ke1 f5 19. c3 Bc5 20. e5 Be6 21. b4
Bd5 22. Rf1 Bg2 23. bxc5 Rxb1 24. Rg1 Bd5 25. Rg7 dxe5 26. fxe5 Bf7 27. Bd3 Ra1
28. Bxf5 Rg8 29. Rxg8+ Bxg8 30. h4 Bd5 31. Bg4 a5 0-1

[Event "28th Czech Open A 2017"]
[Site "Pardubice CZE"]
[Date "2017.07.26"]
[Round "6.78"]
[White "Sabol, Marian"]
[Black "Soural, Jan"]
[Result "1-0"]
[WhiteTitle "FM"]
[WhiteElo "2354"]
[BlackElo "2217"]
[WhiteFideId "308056"]
[BlackFideId "311928"]
[EventDate "2017.07.21"]

1. d4 Nf6 2. Bg5 d5 3. Bxf6 exf6 4. e3 Bd6 5. Bd3 O-O 6. Ne2 Re8 7. O-O Bg4 8.
h3 Bh5 9. c3 c6 10. Qc2 Bg6 11. Nd2 Bxd3 12. Qxd3 Qe7 13. c4 dxc4 14. Nxc4 Nd7
15. Nxd6 Qxd6 16. Rad1 Qe6 17. Nc3 Nb6 18. e4 Rad8 19. b3 Rd6 20. f3 g6 21. Ne2
f5 22. Ng3 fxe4 23. fxe4 c5 24. d5 Qe5 25. Qf3 Re7 26. Rd3 h5 27. h4 Nd7 28. Qf2
b6 29. Rf3 Qg7 30. Qd2 Ne5 31. R3f2 Ng4 32. Qf4 Qe5 33. Qxe5 Nxe5 34. Rf6 Rxf6
35. Rxf6 Kg7 36. Rf4 Kf8 37. Kf1 Rc7 38. Ke2 b5 39. Kd2 Ke7 40. Ne2 Ng4 41. Kc3
Kd6 42. Ng1 b4+ 43. Kd2 a5 44. Nf3 f6 45. Kd3 a4 46. Nd2 Ne5+ 47. Ke2 Rf7 48.
Rf1 a3 49. Nf3 Rf8 50. Nxe5 Kxe5 51. Kd3 Rc8 52. Kc4 Rc7 53. Rf3 Rc8 54. Rg3
Kxe4 55. Rxg6 Ke5 56. Rg3 Kd6 57. Rf3 Rg8 58. Rxf6+ Kd7 59. Kxc5 Rxg2 60. Rf7+
Kc8 61. Kxb4 Rxa2 62. Rf4 Rd2 63. Kxa3 Rxd5 64. Kb4 Kb7 65. Kc4 Re5 66. b4 Kb6
67. Kd4 Rb5 68. Ke3 Re5+ 69. Re4 Rf5 70. Rd4 Kb5 71. Ke4 Rf1 72. Ke5 Rf2 73. Rf4
Rg2 74. Kf5 Rg1 75. Kf6 Rg4 76. Rf5+ Kb6 77. Rxh5 Rxb4 78. Rh8 Kc7 79. h5 Kd7
80. h6 Rh4 81. h7 Rh1 82. Ra8 1-0

[Event "28th Czech Open A 2017"]
[Site "Pardubice CZE"]
[Date "2017.07.26"]
[Round "6.79"]
[White "Koykka, Pekka"]
[Black "Flak, Pawel"]
[Result "1-0"]
[WhiteTitle "FM"]
[WhiteElo "2351"]
[BlackElo "2204"]
[WhiteFideId "504319"]
[BlackFideId "1117548"]
[EventDate "2017.07.21"]

1. e4 Nf6 2. e5 Nd5 3. d4 d6 4. Nf3 Bg4 5. Be2 e6 6. c4 Nb6 7. h3 Bh5 8. exd6
cxd6 9. Nc3 Be7 10. d5 e5 11. g4 Bg6 12. h4 h6 13. h5 Bh7 14. Rg1 e4 15. Nd4 Bf6
16. Bf4 Qe7 17. Ndb5 Nc8 18. c5 O-O 19. cxd6 Bxc3+ 20. bxc3 Qf6 21. Qd2 g5 22.
hxg6 fxg6 23. Bg3 Nd7 24. Qxh6 Ne5 25. Rh1 Rf7 26. g5 Nf3+ 27. Kf1 Qh8 28. Bxf3
Rxf3 29. Be5 Qxe5 30. Qxh7+ Kf8 31. Qh8+ Qxh8 32. Rxh8+ Kg7 33. d7 Kxh8 34.
d8=Q+ Kg7 35. Nc7 1-0

[Event "28th Czech Open A 2017"]
[Site "Pardubice CZE"]
[Date "2017.07.26"]
[Round "6.80"]
[White "Dvorak, Adam"]
[Black "Chekletsov, Ilya"]
[Result "1/2-1/2"]
[BlackTitle "FM"]
[WhiteElo "2185"]
[BlackElo "2350"]
[WhiteFideId "346497"]
[BlackFideId "24177156"]
[EventDate "2017.07.21"]

1. b3 c5 2. Bb2 Nf6 3. e3 Nc6 4. Nf3 g6 5. c4 Bg7 6. Be2 O-O 7. O-O b6 8. Ne5
Nxe5 9. Bxe5 d6 10. Bb2 Bb7 11. Bf3 Qd7 12. Nc3 Rfd8 13. Bxb7 Qxb7 14. d4 e6 15.
dxc5 dxc5 16. Qc2 Ne8 17. Rad1 Qe7 18. Rxd8 Rxd8 19. Rd1 Bxc3 20. Bxc3 f6 21. h3
Kf7 22. Rxd8 Qxd8 23. Qe4 Qd1+ 24. Kh2 Qd8 25. Kg1 Qd1+ 26. Kh2 Qd7 27. Kg1 Qc8
28. Kh1 Kg7 29. g4 g5 30. f4 gxf4 31. exf4 Kg8 32. g5 fxg5 33. Qe5 Kf7 34. Qxg5
Qc6+ 35. Kh2 Qe4 36. Be5 Qe2+ 37. Kh1 Qf1+ 38. Kh2 Qf2+ 39. Kh1 Qe1+ 40. Kh2
Qe2+ 41. Kh1 Qd1+ 42. Kh2 Qd2+ 43. Kg3 Qe1+ 44. Kh2 Qf2+ 45. Kh1 Qf3+ 46. Kh2
Qd1 47. Kg2 a6 48. Qh4 Qc2+ 49. Kf3 Qd3+ 50. Kf2 b5 51. Qh5+ Ke7 52. cxb5 axb5
53. Qe2 Qxe2+ 54. Kxe2 b4 55. Bb8 Kd7 56. Kd3 Nf6 57. Be5 Nh5 58. Ke3 Ng3 59.
Bb2 Kd6 60. Kf3 Nf5 61. Ke4 Ng3+ 62. Kf3 Nf5 63. Ke4 1/2-1/2

[Event "28th Czech Open A 2017"]
[Site "Pardubice CZE"]
[Date "2017.07.26"]
[Round "6.81"]
[White "Sochacki, Wojtek"]
[Black "Jedlicka, Ales"]
[Result "1/2-1/2"]
[WhiteTitle "FM"]
[BlackTitle "FM"]
[WhiteElo "2350"]
[BlackElo "2200"]
[WhiteFideId "651389"]
[BlackFideId "304824"]
[EventDate "2017.07.21"]

1. e4 c5 2. Nc3 Nc6 3. Nge2 g6 4. d4 cxd4 5. Nxd4 Bg7 6. Be3 d6 7. Qd2 Qa5 8. f3
Nf6 9. Bc4 Qb4 10. Bb5 Bd7 11. Nb3 Na5 12. Bxd7+ Nxd7 13. Nd5 Qxd2+ 14. Bxd2
Nxb3 15. axb3 Kd8 16. Ba5+ b6 17. Bc3 Bxc3+ 18. Nxc3 Nf6 19. Kd2 Kc7 20. Ra6 Kb7
21. Rha1 d5 22. Nb5 dxe4 23. Rxa7+ Rxa7 24. Rxa7+ Kc6 25. Nd4+ Kd6 26. fxe4
Nxe4+ 27. Ke3 Nf6 28. h3 Nd5+ 29. Kf3 Rb8 30. Nb5+ Ke6 31. Nc7+ Nxc7 32. Rxc7 f5
33. Ra7 g5 34. g4 fxg4+ 35. hxg4 Rf8+ 36. Ke3 Rf6 37. Rb7 Kf7 38. b4 Rf4 39.
Rxb6 Rxg4 40. c3 h5 41. b5 h4 42. Ra6 h3 43. Rh6 Rh4 44. Rxh4 gxh4 45. b6 h2 46.
b7 h1=Q 47. b8=Q Qe1+ 48. Kf3 e5 49. Qc7+ Ke6 50. Qc6+ Ke7 51. Qc7+ Ke6 52. Qc6+
Ke7 1/2-1/2

[Event "28th Czech Open A 2017"]
[Site "Pardubice CZE"]
[Date "2017.07.26"]
[Round "6.82"]
[White "Wenninger, Philipp"]
[Black "Nguyen, Huy Dat"]
[Result "1/2-1/2"]
[WhiteElo "2347"]
[BlackElo "2180"]
[WhiteFideId "4648404"]
[BlackFideId "12923486"]
[EventDate "2017.07.21"]

1. d4 Nf6 2. c4 g6 3. Nc3 Bg7 4. e4 d6 5. Nf3 O-O 6. Be2 Na6 7. O-O c6 8. Be3
Ng4 9. Bg5 h6 10. Bh4 Nf6 11. h3 Qc7 12. Qd2 Kh7 13. e5 dxe5 14. dxe5 Rd8 15.
Qe3 Ne8 16. Bd3 Be6 17. Rfe1 Rd7 18. Ne4 Kg8 19. Bg3 Rad8 20. Bf1 Qb6 21. Qc3 c5
22. a3 Nd6 23. Nxd6 Rxd6 24. b4 R6d7 25. Rab1 Bf5 26. Rb3 Qe6 27. Qe3 b6 28. Nh4
Bc2 29. Rc3 Bd1 30. b5 Nc7 31. Bd3 Bh5 32. f4 f5 33. Bf2 Rd4 34. Qg3 Qd7 35. Be2
Bxe2 36. Rxe2 g5 37. fxg5 f4 38. Qg4 Qxg4 39. hxg4 Rd1+ 40. Kh2 hxg5 41. Nf3 Ne6
42. g3 R8d3 43. Rec2 fxg3+ 44. Bxg3 1/2-1/2

[Event "28th Czech Open A 2017"]
[Site "Pardubice CZE"]
[Date "2017.07.26"]
[Round "6.83"]
[White "Suleymanli, Aydin"]
[Black "Shemyakin, Valeriy"]
[Result "1/2-1/2"]
[WhiteTitle "CM"]
[WhiteElo "2345"]
[BlackElo "2173"]
[WhiteFideId "13413937"]
[BlackFideId "14132818"]
[EventDate "2017.07.21"]

1. d4 Nf6 2. c4 e6 3. Nf3 Bb4+ 4. Nbd2 Qe7 5. a3 Bxd2+ 6. Qxd2 b6 7. e3 Bb7 8.
Be2 d6 9. O-O Nbd7 10. b4 c5 11. Bb2 O-O 12. Rfd1 Rfd8 13. Rac1 Rac8 14. dxc5
dxc5 15. Qc3 Qf8 16. b5 Ne4 17. Qc2 Qe7 18. Bd3 f5 19. a4 Ng5 20. Nxg5 Qxg5 21.
Bf1 Nf6 22. Qe2 Ne4 23. Be5 Qe7 24. f3 Ng5 25. Ra1 Nf7 26. Bc3 Rxd1 27. Rxd1 Rd8
28. Rxd8+ Qxd8 29. Qe1 Qg5 30. Kh1 e5 31. a5 Qe7 32. Qa1 h5 33. Qe1 h4 34. h3 g5
35. a6 Ba8 36. Be2 Kh7 37. Kg1 Kg6 38. Qf2 Nd6 39. Be1 Qe6 40. Qf1 Qe7 41. Bc3
Qe6 42. Bb2 Qe7 43. Qe1 Qe6 44. Qc3 Nf7 45. f4 Be4 46. fxe5 g4 47. Qe1 g3 48.
Qf1 Qd7 49. Bc3 Ng5 50. Qf4 Bd3 51. e6 Nxe6 52. Qxh4 1/2-1/2

[Event "28th Czech Open A 2017"]
[Site "Pardubice CZE"]
[Date "2017.07.26"]
[Round "6.84"]
[White "Radkov, Bazhen D."]
[Black "Nyysti, Sampsa"]
[Result "1/2-1/2"]
[BlackTitle "IM"]
[WhiteElo "2179"]
[BlackElo "2344"]
[WhiteFideId "24170593"]
[BlackFideId "502138"]
[EventDate "2017.07.21"]

1. e4 e5 2. Nf3 Nc6 3. Bb5 a6 4. Ba4 d6 5. O-O Bg4 6. h3 h5 7. d3 Qf6 8. Bxc6+
bxc6 9. hxg4 hxg4 10. Ng5 Qh6 11. f4 Qh4 12. Nc3 Be7 13. Ne2 exf4 14. Bxf4 Bxg5
15. Bxg5 Qxg5 16. Qc1 Qh5 17. Qe3 Rh6 18. Qg3 Nf6 19. Rac1 Qb5 20. b3 O-O-O 21.
Qe3 Rdh8 22. Ng3 Qe5 23. Rf5 Qb2 24. a4 g6 25. Rff1 Nh5 26. Ne2 g3 27. Rxf7 Nf6
28. Rf8+ Kb7 29. Rxh8 Rxh8 30. Qxg3 Nh5 31. Qe3 Rf8 32. Qd4 Qxd4+ 33. Nxd4 c5
34. Ne2 Kb6 35. Rf1 Rxf1+ 36. Kxf1 Ka5 37. Kf2 Kb4 38. Ke3 Ng7 39. Kd2 Ne6 40.
g3 g5 41. Kc1 Ka3 42. Kd2 Kb2 43. Nc3 Nd4 44. Nd1+ Kb1 45. Nc3+ Kb2 46. Nd1+ 1/2-1/2

[Event "28th Czech Open A 2017"]
[Site "Pardubice CZE"]
[Date "2017.07.26"]
[Round "6.85"]
[White "Kukelko, Alexey"]
[Black "Hrabusa, Matej"]
[Result "0-1"]
[WhiteElo "2173"]
[BlackElo "2335"]
[WhiteFideId "14153084"]
[BlackFideId "14908042"]
[EventDate "2017.07.21"]

1. e4 c5 2. Nf3 Nc6 3. d4 cxd4 4. Nxd4 e6 5. Nc3 Qc7 6. Be3 a6 7. Qd2 Nf6 8. f3
h5 9. Be2 b5 10. O-O Bb7 11. a3 Ne5 12. Nb3 Nc4 13. Bxc4 bxc4 14. Nd4 h4 15. h3
Bc5 16. Nde2 g5 17. Rfd1 Rc8 18. Bxc5 Qxc5+ 19. Qd4 Ke7 20. Qxc5+ Rxc5 21. Rd4
Rb8 22. Na4 Rc7 23. Kf2 Nh7 24. Nec3 Ba8 25. Rad1 Nf8 26. Rd6 Bc6 27. R6d4 Bb5
28. Rd6 Ng6 29. Rb6 Rcb7 30. Rxb7 Rxb7 31. Nxb5 axb5 32. Nc3 b4 33. axb4 Rxb4
34. Rb1 Kf6 35. Ne2 Ke5 36. Ke3 f5 37. exf5 Kxf5 38. Kd4 d5 39. Kc5 Rb8 40. b4
cxb3 41. cxb3 Ne5 42. Nd4+ Kf6 43. Rd1 Ke7 44. Rd2 Rc8+ 45. Kb6 Kd6 46. Nb5+ Kd7
47. Re2 Rb8+ 48. Ka6 Nd3 49. Re3 Nb4+ 50. Ka5 Nc6+ 51. Ka6 d4 52. Re1 e5 53. Rc1
Nb4+ 54. Ka5 Nd5 55. Ka6 Ne3 56. Re1 Ke6 57. Re2 Kf5 58. Ka5 Kf4 59. Ka4 d3 60.
Rd2 Nd5 61. Nd6 Rb4+ 62. Ka3 Ke3 0-1

[Event "28th Czech Open A 2017"]
[Site "Pardubice CZE"]
[Date "2017.07.26"]
[Round "6.86"]
[White "Eryshkanova, Anastasiya"]
[Black "Vyskocil, Neklan"]
[Result "1/2-1/2"]
[WhiteTitle "WFM"]
[BlackTitle "IM"]
[WhiteElo "2156"]
[BlackElo "2329"]
[WhiteFideId "24119059"]
[BlackFideId "307106"]
[EventDate "2017.07.21"]

1. d4 Nf6 2. Nf3 e6 3. e3 c5 4. c3 Nc6 5. Nbd2 d5 6. Bd3 Bd6 7. dxc5 Bxc5 8. b4
Bd6 9. a3 O-O 10. Bb2 e5 11. e4 Bg4 12. h3 Bh5 13. Qc2 Rc8 14. Qb1 Bc7 15. exd5
Qxd5 16. c4 Qd8 17. Bf5 Bg6 18. Bxg6 hxg6 19. O-O Re8 20. Re1 Qd7 21. Qc2 Rcd8
22. Rad1 Qd3 23. Qxd3 Rxd3 24. b5 Na5 25. Bxe5 Bxe5 26. Nxe5 Rxa3 27. Ndf3 Rc3
28. Rd4 Nb3 29. Rd6 Na5 1/2-1/2

[Event "28th Czech Open A 2017"]
[Site "Pardubice CZE"]
[Date "2017.07.26"]
[Round "6.87"]
[White "Karousos-Theodorakis, Nikolaos"]
[Black "Bilchinski, Anton"]
[Result "1/2-1/2"]
[BlackTitle "FM"]
[WhiteElo "2153"]
[BlackElo "2327"]
[WhiteFideId "4275829"]
[BlackFideId "24615765"]
[EventDate "2017.07.21"]

1. e4 c5 2. Nf3 g6 3. d4 cxd4 4. Nxd4 Bg7 5. c4 Nc6 6. Be3 Nf6 7. Nc3 O-O 8. Be2
d6 9. O-O Bd7 10. h3 Rc8 11. Rc1 a6 12. f4 e5 13. Nxc6 Bxc6 14. fxe5 Nxe4 15.
Nxe4 Bxe4 16. exd6 Bxb2 17. Qd2 Bxc1 18. Rxc1 Qf6 19. c5 Qe5 20. Bd4 Qg3 21. Bf1
Qh4 22. Be3 Qh5 23. Bg5 f6 24. Be3 Kh8 25. Bd4 1/2-1/2

[Event "28th Czech Open A 2017"]
[Site "Pardubice CZE"]
[Date "2017.07.26"]
[Round "6.88"]
[White "Havelka, Josef"]
[Black "Barthel, Ansgar"]
[Result "0-1"]
[WhiteTitle "FM"]
[WhiteElo "2326"]
[BlackElo "2164"]
[WhiteFideId "361097"]
[BlackFideId "4643461"]
[EventDate "2017.07.21"]

1. e4 Nf6 2. e5 Nd5 3. d4 d6 4. c4 Nb6 5. exd6 cxd6 6. Nc3 g6 7. Be3 Bg7 8. Rc1
O-O 9. b3 Bf5 10. Be2 d5 11. c5 Nc8 12. Bf3 e5 13. Bxd5 exd4 14. Bxd4 Bxd4 15.
Qxd4 Nc6 16. Qf4 Ne5 17. Bc4 Nxc4 18. Qxc4 Bd3 19. Qf4 Re8+ 20. Nge2 Qa5 21. Qd2
Qa6 22. f3 b6 23. Kf2 Bxe2 24. Nxe2 bxc5 25. Rxc5 Nb6 26. Re1 Rad8 27. Nd4 Rxe1
28. Kxe1 Qb7 29. b4 Qe7+ 30. Kf2 Qh4+ 31. Ke3 Qxh2 32. Qf2 Nd5+ 33. Kd3 Nxb4+
34. Kc4 Na6 35. Nc6 Re8 36. Ra5 Nb8 37. Nxa7 Qc7+ 38. Qc5 Qd7 39. Qd4 Qe6+ 40.
Kc3 Qe1+ 0-1

[Event "28th Czech Open A 2017"]
[Site "Pardubice CZE"]
[Date "2017.07.26"]
[Round "6.89"]
[White "Tokranovs, Dmitrijs"]
[Black "Dzikowski, Michal"]
[Result "1-0"]
[WhiteTitle "FM"]
[WhiteElo "2325"]
[BlackElo "2147"]
[WhiteFideId "11603011"]
[BlackFideId "1121324"]
[EventDate "2017.07.21"]

1. e4 c6 2. d4 d5 3. Nc3 dxe4 4. Nxe4 Nd7 5. Nf3 Ngf6 6. Nxf6+ Nxf6 7. Ne5 Be6
8. c3 g6 9. Be2 Bg7 10. O-O O-O 11. h3 Nd7 12. Nd3 Bc4 13. Bg5 Re8 14. f4 Qb6
15. Kh1 e6 16. Ne5 Bxe2 17. Qxe2 Nf6 18. Bxf6 Bxf6 19. a4 a5 20. Rae1 Rad8 21.
Nd3 Bh4 22. Rd1 Be7 23. Ne5 Rd5 24. Qc2 Red8 25. Nc4 Qc7 26. Ne3 R5d7 27. Qe4
Qd6 28. g4 f5 29. Qf3 Bf6 30. Rde1 Re7 31. Qg2 Kf7 32. Rd1 Qc7 33. Qc2 Qb6 34.
Kg2 Qa6 35. Rf2 Red7 36. Qb3 c5 37. gxf5 gxf5 38. d5 exd5 39. Nxf5 Qe6 40. Qc2
Qe4+ 41. Qxe4 dxe4 42. Rxd7+ Rxd7 43. Re2 Rd3 44. Ng3 e3 45. Kf3 Bh4 46. Ne4 Be7
47. Rxe3 Rd1 48. Kg4 Rb1 49. Re2 Ra1 50. b3 Rb1 51. Kf5 Rxb3 52. Rd2 Rb6 53. Ke5
Re6+ 54. Kf5 Rb6 55. Rd5 Rh6 56. Rd7 b6 57. Rb7 Ke8 58. Ke5 Rxh3 59. Rxb6 Bd8
60. Rb7 c4 61. f5 Be7 62. Ke6 Bd8 63. Nd6+ Kf8 64. Rb8 Re3+ 65. Kd7 1-0

[Event "28th Czech Open A 2017"]
[Site "Pardubice CZE"]
[Date "2017.07.26"]
[Round "6.90"]
[White "Baasansuren, Erdene"]
[Black "Solonar, Stefan"]
[Result "1-0"]
[WhiteTitle "FM"]
[BlackTitle "IM"]
[WhiteElo "2128"]
[BlackElo "2321"]
[WhiteFideId "4902084"]
[BlackFideId "13900056"]
[EventDate "2017.07.21"]

1. d4 Nf6 2. c4 d6 3. Nf3 g6 4. g3 Bg7 5. Bg2 O-O 6. Nc3 Nbd7 7. O-O e5 8. e4 c6
9. h3 Qa5 10. Re1 exd4 11. Nxd4 Ne5 12. Bf1 Be6 13. Nxe6 fxe6 14. Be3 Rad8 15.
f4 Nf7 16. Qb3 Rd7 17. Rad1 Kh8 18. Rd2 Re7 19. Bg2 Rfe8 20. g4 g5 21. e5 dxe5
22. fxg5 Nd7 23. Qxb7 Nb6 24. Qxc6 Rc8 25. Bxb6 Qxb6+ 26. Qxb6 axb6 27. Red1
Nxg5 28. Rd8+ Re8 29. Rxe8+ Rxe8 30. h4 Nf7 31. Rd7 Kg8 32. Ne4 Rb8 33. g5 Nd8
34. Bh3 Kf8 35. Nf6 h6 36. Nh5 hxg5 37. Nxg7 Nf7 38. Nxe6+ 1-0

[Event "28th Czech Open A 2017"]
[Site "Pardubice CZE"]
[Date "2017.07.26"]
[Round "6.91"]
[White "Armbrust, Florian"]
[Black "ter Stal, Rainer"]
[Result "1-0"]
[WhiteTitle "FM"]
[BlackTitle "CM"]
[WhiteElo "2318"]
[BlackElo "2140"]
[WhiteFideId "4691350"]
[BlackFideId "12993603"]
[EventDate "2017.07.21"]

1. e4 e6 2. d4 d5 3. Bd3 dxe4 4. Bxe4 Nf6 5. Bf3 Nbd7 6. Ne2 Bd6 7. Ng3 O-O 8.
O-O Re8 9. c4 c6 10. Nc3 e5 11. d5 cxd5 12. cxd5 Nc5 13. b4 Ncd7 14. Qb3 Nb6 15.
Bg5 h6 16. Bxf6 Qxf6 17. Nce4 Qe7 18. Nxd6 Qxd6 19. Ne4 Qg6 20. a4 f5 21. Ng3
Qf7 22. a5 Nd7 23. Be2 Nf6 24. f4 e4 25. Rfd1 Rd8 26. Rac1 Ne8 27. Nf1 Bd7 28.
Ne3 Nd6 29. a6 Be8 30. Qb2 Rab8 31. Qd4 bxa6 32. Bxa6 Rb6 33. Be2 Rdb8 34. Qe5
Qf8 35. Rc7 R8b7 36. Rxb7 Rxb7 37. Ra1 g6 38. Ra6 Rd7 39. Nc2 Bf7 40. Nd4 Ne8
41. Nc6 Kh7 42. Bc4 Nd6 43. Bb3 Nc8 44. Qb8 Rd6 45. Rxa7 Rf6 46. Ne5 Rb6 47.
Qxb6 Nxb6 48. Rxf7+ 1-0

[Event "28th Czech Open A 2017"]
[Site "Pardubice CZE"]
[Date "2017.07.26"]
[Round "6.92"]
[White "Zarubitski, Viachaslau"]
[Black "Tsvetkov, Andrey"]
[Result "1-0"]
[WhiteTitle "FM"]
[BlackTitle "CM"]
[WhiteElo "2314"]
[BlackElo "2129"]
[WhiteFideId "13509373"]
[BlackFideId "34139360"]
[EventDate "2017.07.21"]

1. e4 c5 2. Nf3 d6 3. d4 cxd4 4. Nxd4 Nf6 5. Nc3 a6 6. Be3 e5 7. Nb3 Be6 8. Be2
Be7 9. Nd5 Bxd5 10. exd5 Nbd7 11. O-O O-O 12. c4 Nc5 13. Nd2 Qd7 14. b4 Na4 15.
Qb3 b5 16. Rac1 Rfc8 17. cxb5 axb5 18. Nb1 Qb7 19. Na3 Nb6 20. Rxc8+ Rxc8 21.
Bxb6 Qxb6 22. Nxb5 Ne4 23. a4 Qb7 24. Qd3 f5 25. a5 Bg5 26. f3 Nd2 27. Qxf5 Be3+
28. Kh1 Nxf1 29. Qe6+ Kh8 30. Nxd6 Ng3+ 31. hxg3 Rc1+ 32. Kh2 1-0

[Event "28th Czech Open A 2017"]
[Site "Pardubice CZE"]
[Date "2017.07.26"]
[Round "6.93"]
[White "Badelka, Olga"]
[Black "Van Zyl-Rudd, Jack"]
[Result "1-0"]
[BlackTitle "FM"]
[WhiteElo "2309"]
[BlackElo "2125"]
[WhiteFideId "13509926"]
[BlackFideId "14309017"]
[EventDate "2017.07.21"]

1. c4 c5 2. Nc3 Nc6 3. g3 g6 4. Bg2 Bg7 5. d3 d6 6. Qd2 Nf6 7. b3 a6 8. Bb2 O-O
9. e3 Rb8 10. Nge2 Bd7 11. O-O b5 12. Rad1 e6 13. Ba1 Qa5 14. h3 Rfd8 15. g4 b4
16. Ne4 Nxe4 17. dxe4 Bxa1 18. Rxa1 Be8 19. f4 Qc7 20. h4 Qe7 21. g5 f6 22. f5
gxf5 23. exf5 fxg5 24. f6 Qf7 25. hxg5 Ne5 26. Nf4 Bc6 27. Bh3 1-0

[Event "28th Czech Open A 2017"]
[Site "Pardubice CZE"]
[Date "2017.07.26"]
[Round "6.94"]
[White "Mitra, Roman C"]
[Black "Bergauz, Noam"]
[Result "0-1"]
[WhiteElo "2100"]
[BlackElo "2309"]
[WhiteFideId "419540"]
[BlackFideId "12938033"]
[EventDate "2017.07.21"]

1. e4 e6 2. e5 d5 3. exd6 Bxd6 4. d4 Ne7 5. Nf3 b6 6. Bd3 Bb7 7. Nbd2 Nd7 8. Nc4
Nf6 9. O-O Ng6 10. Qe2 O-O 11. Nce5 c5 12. dxc5 bxc5 13. Nxg6 hxg6 14. Bg5 Qc7
15. Bxf6 gxf6 16. Be4 Kg7 17. Bxb7 Qxb7 18. Rad1 Rad8 19. b3 Rh8 20. Rd2 Qb4 21.
g3 Bc7 22. Rfd1 Rxd2 23. Rxd2 Rd8 24. Rxd8 Bxd8 25. Qd3 Ba5 26. c4 Qa3 27. Qc2
e5 28. g4 Qb4 29. Qe2 Qc3 30. Kg2 Qc1 31. Qe4 Bc3 32. h4 a5 33. h5 Qh6 34. hxg6
Qxg6 35. Qxg6+ fxg6 36. Nh4 Kh6 37. Kg3 Bd2 38. Kf3 Kg5 39. Ng2 f5 40. gxf5 gxf5
41. Ke2 Bc1 42. f3 e4 43. fxe4 fxe4 44. Ne1 Kf4 45. Nc2 e3 46. Ne1 Ke4 47. Nd3
Ba3 48. b4 Bxb4 49. a4 Kd4 50. Nc1 Bd2 0-1

[Event "28th Czech Open A 2017"]
[Site "Pardubice CZE"]
[Date "2017.07.26"]
[Round "6.95"]
[White "Holtman, Teodor"]
[Black "Jazdanovs, Aleksandrs"]
[Result "1-0"]
[WhiteTitle "FM"]
[WhiteElo "2306"]
[BlackElo "2066"]
[WhiteFideId "14933721"]
[BlackFideId "11604492"]
[EventDate "2017.07.21"]

1. g3 g6 2. Bg2 Bg7 3. c4 e5 4. Nc3 Ne7 5. e3 Nbc6 6. Nge2 O-O 7. O-O d6 8. Rb1
Be6 9. Nd5 f5 10. d3 Nc8 11. b4 Nb6 12. a4 Bxd5 13. cxd5 Ne7 14. a5 Nd7 15. Qb3
Nf6 16. Bb2 Rf7 17. Rbc1 Rc8 18. e4 fxe4 19. dxe4 g5 20. Qe3 Bh6 21. Bh3 Kg7 22.
Bxc8 Qxc8 23. Rc4 Qh3 24. Qf3 Nfxd5 25. Qg2 Qxg2+ 26. Kxg2 Nf6 27. f3 c6 28. Rc2
Ng6 29. g4 Nh4+ 30. Kg1 Kf8 31. Ng3 Ke7 32. a6 Ke6 33. Nf5 Bf8 34. Bc1 h6 35.
Bd2 c5 36. Nxh4 gxh4 37. bxc5 dxc5 38. axb7 Rxb7 39. Ra1 h5 40. g5 Nd7 41. Ra6+
Nb6 42. Rca2 c4 43. Be3 c3 44. Kf1 Bd6 45. Rxa7 Rb8 46. Rc2 Nc4 47. Rxc3 Nxe3+
48. Rxe3 h3 49. Rc3 1-0

[Event "28th Czech Open A 2017"]
[Site "Pardubice CZE"]
[Date "2017.07.26"]
[Round "6.96"]
[White "Horak, Martin"]
[Black "Nun, Jiri"]
[Result "1/2-1/2"]
[BlackTitle "IM"]
[WhiteElo "2073"]
[BlackElo "2303"]
[WhiteFideId "367095"]
[BlackFideId "300179"]
[EventDate "2017.07.21"]

1. e4 c6 2. d4 g6 3. Nc3 Bg7 4. Nf3 d5 5. h3 Nh6 6. Bf4 dxe4 7. Nxe4 Nf5 8. c3
O-O 9. Bd3 a5 10. a4 Na6 11. O-O Nc7 12. Re1 Nd5 13. Be5 f6 14. Bh2 b6 15. Qe2
Kh8 16. g4 Nh6 17. Ned2 Ra7 18. Nc4 Nf7 19. Ra3 Bh6 20. Rb3 Bf4 21. Qc2 Bxh2+
22. Nxh2 Rb7 23. Bf1 Nf4 24. Qe4 Qc7 25. Rxb6 Rxb6 26. Nxb6 Be6 27. Qe3 g5 28.
Bc4 Qxb6 29. Bxe6 Qxb2 30. Bc4 Kg7 31. h4 e6 32. hxg5 Nxg5 33. Nf3 Ngh3+ 34. Kf1
Qc2 35. Nh4 Qxa4 36. Ba6 Qa2 37. Ng2 Nxg2 38. Kxg2 Ng5 39. Re2 Qd5+ 40. f3 a4
41. Qd3 a3 42. Bc4 Qd6 43. Qe3 Re8 44. f4 Nf7 45. f5 e5 46. Bxf7 Kxf7 47. Qh6
Kg8 48. g5 Qf8 49. Qh5 Qf7 50. g6 Qg7 51. Ra2 hxg6 52. fxg6 exd4 53. cxd4 Re3
54. d5 c5 55. Rc2 Re5 56. Qh7+ Qxh7 57. gxh7+ Kxh7 58. Rxc5 Kg6 59. Kf2 Rh5 60.
Kg2 Rg5+ 61. Kf2 Rf5+ 62. Kg2 a2 63. Ra5 Rxd5 64. Rxa2 Rd3 65. Ra5 f5 66. Ra6+
Kg5 67. Ra4 Re3 68. Kf2 Rb3 69. Kg2 Rc3 70. Rb4 Rc2+ 71. Kf3 Rh2 72. Kg3 Rh7 73.
Ra4 Re7 74. Rb4 f4+ 75. Rxf4 Re3+ 76. Rf3 Rxf3+ 77. Kxf3 1/2-1/2